000 00915nam a22002537a 4500
005 20240530110539.0
008 160504s2013 ua aobaf 000 0 ara d
017 _a2013/16036
_bمصر . دار الكتب المصرية
020 _a9789774485589
040 _aEG-CaGPL
082 0 4 _221
_a962.39
_bق/ع س
100 0 _aعبدالرحيم ريحان .
245 1 0 _aسيناء ملتقى الاديان و الحضارات /
_cعبدالرحيم ريحان .
250 _aط1.
260 _aالقاهرة :
_bالهيئة المصرية العامة للكتاب ،
_c2013 .
300 _a169 ص ؛
_c24 سم .
504 _aببليوجرافية : ص 159 - 165
650 0 4 _aقلعة صلاح الدين .
650 0 4 _aدير سانت كاترين .
650 0 4 _aالانباط .
651 0 4 _aسيناء
_xتاريخ .
942 _2ddc
_cBK
999 _c62218
_d62218